000 00214nam a22000857a 4500
008 170606b xxu||||| |||| 00| 0 eng d
100 _93290
_aRao. S. R
245 _aMatsya
260 _aNew Delhi
_bNational Book Trust
_c2004
999 _c6607
_d6607